Statistics for Largest African Cities A to Z

Click here to take the quiz!

General Stats

  • This quiz has been taken 153 times
    (46 since last reset)
  • The average score is 13 of 26

Answer Stats

LetterPopulationCity% Correct
C19,787,000*Cairo
100%
J14,167,000Johannesburg-Pretoria
98%
K15,056,000*Kinshasa
95%
L15,487,000Lagos
93%
A5,503,000*Addis Ababa
88%
T2,477,000*Tunis
88%
N5,973,000*Nairobi
86%
D7,461,000Dar es Salaam
79%
Y4,414,000*Yaounde
79%
H2,747,000*Harare
77%
R1,940,000*Rabat
77%
F1,387,000*Freetown
65%
B3,750,000*Bamako
63%
I3,715,000Ibadan
58%
P1,665,000Port Harcourt
47%
M3,717,000Mbuji-Mayi
37%
E1,251,000Enugu
21%
O6,887,000Onitsha
19%
W1,055,000Warri
19%
Z813,000Zaria
14%
U952,000Uyo
12%
G1,239,000Goma
9%
S753,000Sokoto
7%
X133,000Xai-xai
7%
V378,000Vereeniging
2%
Q250,000Qena
0%

Score Distribution

Percentile by Number Answered

Percent of People with Each Score

Your Score History

You have not taken this quiz since the last reset